=LDR 00000nam 2200000 4500 =001 INLIS000000000012068 =005 20130612103619 =008 ***********************************Ind** =035 ##$$0010-061300000012068 =041 ##$$a Ind =082 ##$$a 523.2 =090 ##$$a 523.2, Put i =100 ##$$a Pujiastuti, Martina =245 ##$$a Ilmu Pengetahuan alam, tata surya, Martina Pujiastuti =260 ##$$a 1996 $b Jakarta =300 ##$$a viii, 47 hlm., ilus, 24 cm =650 ##$$a Tata Surya =850 ##$$a NBPNMAT